Catálogo

Complicaciones anatómicas en cirugía general / (Registro nro. 1785)

Detalles MARC
000 -LEADER
fixed length control field 01237cam a2200313 i 4500
001 - CONTROL NUMBER
control field 1785
003 - CONTROL NUMBER IDENTIFIER
control field Mx-PuUPA
005 - DATE AND TIME OF LATEST TRANSACTION
control field 20250613152222.0
008 - FIXED-LENGTH DATA ELEMENTS--GENERAL INFORMATION
fixed length control field 140415s1988 mx a 000 0 spa d
020 ## - INTERNATIONAL STANDARD BOOK NUMBER
International Standard Book Number 9684516185
040 ## - CATALOGING SOURCE
Original cataloging agency Mx-PuUPA
Language of cataloging spa
Transcribing agency Mx-PuUPA
Modifying agency Mx-PuUPA
Description conventions rda
041 1# - LANGUAGE CODE
Language code of text/sound track or separate title spa
Language code of original eng
100 1# - MAIN ENTRY--PERSONAL NAME
Personal name Skandalakis, John Elias,
Dates associated with a name 1920-
Relator term autor
9 (RLIN) 4765
240 10 - UNIFORM TITLE
Uniform title Anatomical complications in general surgery.
Language of a work Español
245 10 - TITLE STATEMENT
Title Complicaciones anatómicas en cirugía general /
Statement of responsibility, etc. John E. Skandalakis, Stephen W. Gray, Joseph S. Rowe ; traducción, Dr. Adolfo Domínguez Pérez
264 #1 - PRODUCTION, PUBLICATION, DISTRIBUTION, MANUFACTURE, AND COPYRIGHT NOTICE
Place of production, publication, distribution, manufacture México, D.F. :
Name of producer, publisher, distributor, manufacturer McGraw Hill de México,
Date of production, publication, distribution, manufacture, or copyright notice 1984
300 ## - PHYSICAL DESCRIPTION
Extent xi, 341 páginas : ilustraciones ; 28 cm
336 ## - CONTENT TYPE
Fuente rdaconten
Content type term texto
Content type code txt
337 ## - MEDIA TYPE
Source rdamedia
Media type term sin medio
Media type code n
338 ## - CARRIER TYPE
Source rdacarrier
Carrier type term volumen
Carrier type code nc
650 #7 - SUBJECT ADDED ENTRY--TOPICAL TERM
Source of heading or term armarc
Topical term or geographic name entry element Anatomía topográfica
700 1# - ADDED ENTRY--PERSONAL NAME
Personal name Gray, Stephen W.,
Relator term autor
700 1# - ADDED ENTRY--PERSONAL NAME
Personal name Rowe, Joseph S.,
Relator term autor
700 1# - ADDED ENTRY--PERSONAL NAME
Personal name Domínguez Pérez, Adolfo,
Relator term traductor
765 0# - ORIGINAL LANGUAGE ENTRY
Main entry heading Skandalakis, John E.
Place, publisher, and date of publication USA : McGraw-Hill, ©1983
Title Anatomical complications in general surgery.
International Standard Book Number 0070577854
942 ## - ADDED ENTRY ELEMENTS (KOHA)
Source of classification or shelving scheme Dewey Decimal Classification
Koha item type Libro
Classification part 617.01
Item part S4318
Existencias
Withdrawn status Lost status Source of classification or shelving scheme Damaged status Not for loan Home library Current library Shelving location Date acquired Source of acquisition Total Checkouts Full call number Barcode Price effective from Koha item type Collection code Date last seen
  Extraviado Dewey Decimal Classification     Biblioteca Karol Wojtyla Biblioteca Karol Wojtyla   03/12/2013 Compra   617.01 SKA 12289 03/12/2013 Libro    
    Dewey Decimal Classification     Biblioteca Karol Wojtyla Biblioteca Karol Wojtyla Sala general 03/12/2013 Compra   617.01 S4318 1984 15156 03/12/2013 Libro General 05/01/2026